000 00795nam a22001937a 4500
999 _c21699
_d21699
003 OSt
005 20240916164257.0
008 240916b ||||| |||| 00| 0 eng d
040 _c0
100 _aLee, Ahhyun.
_eauthor.
_961209
245 _aThe impact of school-wide positive behavior interventions and supports on school discipline outcomes for diverse students /
_cAhhyun Lee, Nicholas A. Gage, James Mcleskey, and Anne Corinne Huggins-Manley.
260 _aUSA;
_bUnivirsity of Chicago Press,
_cFebruary 2021.
300 _avolume 122, pages 410-429,
_billustration.
700 _aLee, Ahhyun.
_eauthor.
_961209
700 _aGage, Nicholas A.
_eauthor.
_961210
700 _aMcleskey, James.
_eauthor.
_961211
700 _aHuggins-Manley, Anne Corinne.
_eauthor.
_961212
942 _2ddc
_cPER